Finite geometries, buildings, and related topics

Na minha lista:
Detalhes bibliográficos
Main Authors: Kantor, William M (Author), Liebles, Robert A (Author), Payne, Stanley E. (Author), Shult, Ernest E (Author)
Formato: Livro
Idioma:inglês
Publicado em: Oxford Clarendon 1990
Assuntos:
Tags: Adicionar Tag
Sem tags, seja o primeiro a adicionar uma tag!

MARC

LEADER 00000nam a2200000 a 4500
001 UCY4021
003 CL-VaPUC
008 950126e19900000UK |||||||||||||||||eng|d
082 0 4 |a 516.4  |b KAN  |2 21 
100 0 |a Kantor, William M  |e author  |9 332430 
700 0 |a Liebles, Robert A  |e author  |9 332431 
700 |a Payne, Stanley E.  |e author  |9 332432 
700 0 |a Shult, Ernest E  |e author  |9 332433 
245 1 0 |a Finite geometries, buildings, and related topics 
300 |a 159 p 
942 |c BK 
945 |d 19950126 00:00:00  |a mfernand 
260 |a Oxford  |b Clarendon  |c 1990 
650 7 |a GEOMETRIA FINITA  |2 CL-VaPUC  |9 332434 
650 0 |a Edificios   |9 260501 
583 |a last modification  |c 19950126 00:00:00  |k Rodrigo Vera 
999 |c 232010  |d 232008 
952 |0 0  |1 0  |4 0  |6 516_400000000000000_KAN_1990  |7 0  |8 A  |9 235954  |a BIBMAT  |b BIBMAT  |d 2019-11-15  |i 3060896  |o 516.4 KAN 1990  |p 3060896  |r 2025-01-07  |w 2019-11-15  |y BK  |k MAT